01120nam a2200277 a 450000100060000000300080000600500170001400800410003103500160007203500190008804000230010704100080013008200200013824500930015826000420025130000310029360000370032470000320036170000260039383000290041985600960044894200120054499900170055695201350057395201340070817811BD-RjUL20211209000209.0140219t1952 enk 000 0beng d aoxf98700614 a(BD-RjUL)17869 aABCcABCdm.cbeng aeng04a822.3bBEN 195210aBen Jonson /cedited with introduction and notes by Brinsley nicholson and C.H. Herford. aLondon :bErnest Benn Limited,c1952. alxxii, 421 p. p. ;c19 cm.10aJonson, Ben,d1573?-1637.9549591 aNicholson, Brinsley.9549541 aHerford, C. H.954955 0aEnglish worthies.954960413Bodleian Library Johnson e.3652uhttp://purl.ox.ac.uk/uuid/13f944bdd98947169080c681941a847b 2ddccBK c17811d17811 00102ddc40718FICaRUCLbRUCLcRared1963-02-14eZeitlingerg12.60l0o822.3 BEN 1952r2014-02-19 00:00:00tC-1w2014-02-19yBK 00102ddc40708FICaRUCLbRUCLcGENd1964-03-14eZeitlingerg12.60l0o822.3 BEN 1952r2022-04-24 00:00:00tC-2w2022-04-24yBK